| 000 | 00451nam a2200181Ia 4500 | ||
|---|---|---|---|
| 005 | 20250603145304.0 | ||
| 008 | 250603s9999 xx 000 0 und d | ||
| 020 | _a9781032263281 | ||
| 050 | _aJS 331 .L63/ | ||
| 100 | _aEdited by James C. Clinger | ||
| 245 | 0 | _aLocal government administration in small town America | |
| 260 | _aLondon | ||
| 260 | _bRoutledge | ||
| 260 | _c2024 | ||
| 300 | _axxi, 367p.: | ||
| 650 | _aLondon | ||
| 942 | _cBK | ||
| 999 |
_c41423 _d41423 |
||